000 00803nam a2200229Ii 4500
003 JO-AjNU
008 230605s9999||||xx |||||||||||||| ||und||
017 _a2010/7/2464
020 _a978-9957-82-077-0
040 _aJO-AjNU
_bara
_erda
_cJO-AjNU
041 _aara
050 1 4 _aHF5437.T373 .2011
100 3 _aالطراونة، عمر,
_eauthor
_930294
245 0 0 _a استراتيجيات الشراء والتفاوض وتخفيض التكاليف
250 _aط1
264 3 1 _aعمان:دار البداية ناشرون وموزعون،2010
300 _a239ص
_bيحتوي على ببلوغرافية من ص233-239ص
336 _atext
_btxt
_2rdacontent
337 _aunmediated
_bn
_2rdamedia
338 _avolume
_bnc
_2rdacarrier
650 4 _aادارة المشتريات
_930295
999 _aA11992
_c15560
_d15560